Linear transformations in n-dimensional vector space : an introduction to the theory of Hilbert space /

Guardado en:
Autor Principal: Hamburger, H. L.
Otros Autores: Grimshaw, M. E.
Formato: Libro
Idioma:English
Publicado: Cambridge : University Press, 1956.
Etiquetas: Agregar Etiqueta
Sin Etiquetas, Sea el primero en etiquetar este registro!
LEADER 00603nam a22001695a 4500
001 MAT.inmabb001591
008 031124s1956####enk###########000#0#eng#d
005 20170818123317.0
245 1 0 |a Linear transformations in n-dimensional vector space :  |b an introduction to the theory of Hilbert space /  |c by H. L. Hamburger and M. E. Grimshaw. 
260 |a Cambridge :  |b University Press,  |c 1956. 
300 |a vii, 195 p. ;  |c 23 cm. 
510 4 |a MR,  |c MR0041355 
100 1 |a Hamburger, H. L. 
700 1 |a Grimshaw, M. E. 
084 |a 46-XX  |a 45-XX  |2 msc2000 
010 |a  52006495  
859 |h 46  |i H199  |p A-1978  |b BIB. MATEMATICA